Track aus Fotze von Ikkimel - Statistiken

Allgemein
  • Dieses Quiz wurde 26 mal gespielt
  • Das Durchschnittsergebnis liegt bei 7 aus 13
Antwortstatistiken
Hint Antwort % Korrekt
mit Barré Amena
86%
mit Pintendari, Barré & GX488 Mütter
86%
mit Barré Herz Zurück
73%
mit Money Boy, Barré, GX488 & kira on the phone Baddie
68%
mit Barré Vodka E
64%
Böser Junge
59%
mit lil london & Lucry & Suena Oha
59%
Shemlord
55%
mit Barré Glitzer Glitzer
45%
mit Lucry & Suena Unisexklo
45%
mit Barré & GX488 Wellness
45%
mit Barré & GX488 Jetz Erst Recht
5%
Drei Fotzen Mit Nem Bombenarsh
0%
Keine übereinstimmenden Quizze gefunden
Verteilung der Resultate
Anzahl Personen mit jedem Resultat
Perzentil nach korrekt beantworteten Fragen
Ihre Resultats-Entwicklung
Sie haben dieses Quiz noch nicht gespielt